| 000 | 00358 a2200169 4500 | ||
|---|---|---|---|
| 001 | 56460 | ||
| 020 | _a9788537705889 | ||
| 040 | _cAnchieta - Pituba | ||
| 100 | _aAbramovich, Fanny | ||
| 240 | 1 | 0 |
_aRodamundo _lpor |
| 245 | 1 | 0 | _aRodamundo |
| 300 | _a120 | ||
| 362 | 0 | _a2008 | |
| 440 | 1 | _aEscala Educacional | |
| 650 | 4 | _aLiteratura juvenil | |
| 942 | _cBK | ||
| 999 |
_c56460 _d56460 |
||